000 00804nam a22002057a 4500
999 _c58743
_d58743
005 20220712165708.0
008 220712s2013en xxu||||| |||| 00| 0 eng d
020 _a 9781329783454
041 _aeng
080 _a622.24(075) H-24
100 _aHåvard, Devold
_914382
245 _aOil and gas production handbook :
_ban introduction to oil and gas production, transport, refining and petrochemical industry /
_cDevold, Havard.
264 _aUSA:
_bLightning Source ,
_c2013.
300 _a152 pages .:
_b illustrations ;
_c23 cm.
653 _aOil and gas production handbook
653 _a Oil fields Production methods.
653 _aGisements pétrolifères Production Méthodes.
653 _aნავთობისა და გაზის წარმოება
942 _2udc
_cBK